| 000 | 01272nmc a2200433 a 4500 | ||
|---|---|---|---|
| 003 | AR-BaBNM | ||
| 005 | 20251128205613.0 | ||
| 008 | 288019s1974 ||||||||||||||000 | spa|| | ||
| 020 | _a84-323-0097-7 | ||
| 040 | _cAR-BaBNM | ||
| 245 | 1 | 0 |
_aEl Islam _bdesde la caída de Constantinopla hasta nuestros días |
| 250 | _a2ª ed. | ||
| 260 |
_aMéxico, D.F. _bSiglo Veintiuno _c1974 |
||
| 300 | 0 |
_a463 p. _btablas |
|
| 490 | 0 |
_aHistoria Universal siglo XXI _vv. 15 |
|
| 500 | 0 | _aCronología p. 412-431 | |
| 500 | 0 | _aIndice alfabético p. 445-463 | |
| 504 | _aBibliografía p. 435-443 | ||
| 650 | 4 | _aZONAS GEOGRAFICAS Y PAISES | |
| 650 | 4 | _aCULTURA ARABE | |
| 650 | 4 | _aHISTORIA ARABE | |
| 650 | 4 | _aHISTORIA DE LAS RELIGIONES | |
| 650 | 4 | _aISLAM | |
| 650 | 4 | _aMUSULMANES | |
| 650 | 4 | _aCOMUNIDADES RELIGIOSAS | |
| 650 | 4 | _aSECTAS | |
| 651 | 4 | _aIndia | |
| 651 | 4 | _aChina | |
| 651 | 4 | _aOriente | |
| 700 | 1 |
_aGrunebaum, Gustave E. von _ecolaborador |
|
| 700 | 1 |
_aAhmad, Aziz _ecolaborador |
|
| 700 | 1 |
_aKeddie, Nikki _ecolaborador |
|
| 700 | 1 |
_aShaw, Stanford J. _ecolaborador |
|
| 700 | 1 |
_aSivers, Peter von _ecolaborador |
|
| 700 | 1 |
_aStack, Shannon _ecolaborador |
|
| 700 | 1 |
_aSerratacó, Ramón _etraductor |
|
| 942 | _cBK | ||
| 998 | _cMariana | ||
| 999 |
_c12094 _d12094 |
||